| 000 | 00409nam a2200121Ia 4500 | ||
|---|---|---|---|
| 008 | 241015s9999 xx 000 0 und d | ||
| 041 | _aeng | ||
| 082 | _a330.150 BOU | ||
| 100 | _aBougrine H. | ||
| 245 | _aBrief History Of Economic Thought: From The Mercantilists To The Post-Keynesians From The Mercantilists To The Post-Keynesians | ||
| 260 |
_bEdward Elgar Publishing _aUSA _c2022 |
||
| 300 | _a285;. P. 23 cm | ||
| 999 |
_c41562 _d41562 |
||